Statistics for Biggest Cities of Modern Holy Roman Empire

Click here to take the quiz!

General Stats

  • This quiz has been taken 181 times
  • The average score is 8 of 10

Answer Stats

Population City % Correct
6,004,857Berlin
97%
2,600,000Vienna
92%
8,173,176Milan
91%
2,606,021Munich
91%
4,355,725Rome
90%
5,107,429Hamburg
86%
5,604,523Frankfurt
75%
3,573,500Cologne
73%
2,619,490Prague
72%
5,200,000Stuttgart
53%

Score Distribution

Percentile by Number Answered

Percent of People with Each Score

Your Score History

You have not taken this quiz